MARC

LEADER 00000nam0a2200000 4500
001 307454
005 20231102002009.0
035 |a (RuTPU)RU\TPU\book\332747 
090 |a 307454 
100 |a 20151020d1983 m y0rusy50 ca 
101 0 |a rus 
102 |a KZ 
105 |a a z 001zy 
200 1 |a Медь в истории цивилизации  |f И. А. Онаев, Б. К. Жакибаев 
210 |a Алма-Ата  |c Наука  |d 1983 
215 |a 158 с.  |c ил. 
225 1 |a Горизонты науки 
320 |a Библиогр.: с. 157 
606 1 |a Медь  |x Металловедение  |2 stltpush  |3 (RuTPU)RU\TPU\subj\41888  |9 61662 
610 1 |a древнейшие медные разработки 
610 1 |a земная кора 
610 1 |a соединения 
610 1 |a медные руды 
610 1 |a получение 
610 1 |a извлечение 
610 1 |a способы 
610 1 |a Казахстан 
675 |a 669.3  |v 4 
700 1 |a Онаев  |b И. А.  |g Ибрагим Абильгазиевич 
701 1 |a Жакибаев  |b Б. К.  |g Балтабай Кусаинович 
801 1 |a RU  |b 63413507  |c 20151020 
801 2 |a RU  |b 63413507  |c 20190529  |g RCR 
942 |c BK